000 00928nam a2200277 i 4500
001 62649
003 ES-MaACL
005 20250814082845.0
007 t|
008 031124s1982 sp ||||1| spa d
020 _a84-7214-239-6
080 _a581.9(46)
100 1 _aFernández Casas, Javier
_eaut
_949563
245 1 0 _aPlantas silvestres de la península ibérica /
_cJavier Fernández Casas, Andrés Ceballos Jiménez
260 _aMadrid :
_bBlume,
_c[1982]
300 _a432 páginas :
_bprincipalmente ilustraciones (color) ;
_c21 cm
490 1 _aGuías de la naturaleza
504 _aBibliografía: p. 421.
650 7 _aFlora-
_zPenínsula ibérica
_2
_9169051
700 1 _aCeballos Jiménez, Andrés
_eaut
_937278
830 1 0 _aGuías de naturaleza Blume
_9225215
852 _aES-MaACL
_cDEPO2
_jL-2670
942 _2udc
_cMONANT
_n0
999 _c62649
_d62649